Ihry, zvyčaji ta tanci ukrajins koho naselennja Schidnoji Slovaččyny Repertoarnyj zbirnyk dlja tancjuval nych kolektyviv

Bibliographic Details
Main Author: Prochazka, Jurij (Author)
Format: Book
Language:Ukrainian
PhysicalDescription:111 s. noty, sch. 29 cm
Published: Bratislava Osvetový ústav 1980
Edition:1. vyd.
Subjects:

MARC

LEADER 00000cam a2200000 a 4500
001 vtls001100267
003 SK-MaSNL
005 20260301220655.0
008 250313s1980 xo a f 000 0 ukr
015 |a SNBA1981 
035 |a SNK000043109 
035 |a urn:nbn:sk:snk-aml0vw 
035 |a urn:nbn:sk:snk-am008o10 
035 |a 8C1C1318-5ABB-4DDB-BD53-28E7C9E32EB1 
040 |a SNK  |b slo  |c SNK  |e AACR2 
041 0 |a ukr 
044 |a xo  |c SK 
080 |a 793.31(=83)(035)=83  |2 1981 
080 |a 398.8(=83)(035)=83  |2 1981 
100 1 |a Prochazka, Jurij  |4 aut  |9 401322 
240 1 0 |a Hry, zvyky a tance ukrajinského obyvateľstva východného Slovenska  |l Ukrajinsky 
245 1 0 |a Ihry, zvyčaji ta tanci ukrajins koho naselennja Schidnoji Slovaččyny  |b Repertoarnyj zbirnyk dlja tancjuval nych kolektyviv  |c Jurij Prochazka 
250 |a 1. vyd. 
260 |a Bratislava  |b Osvetový ústav  |c 1980 
300 |a 111 s.  |b noty, sch.  |c 29 cm 
366 |e 200 výt. 
500 |a Súbež. náz. slov. 
650 0 7 |a ľudové tance  |2 SNKPH  |9 3311 
650 0 7 |a ľudové piesne  |2 SNKPH  |9 1941 
655 7 |a zborníky  |2 SNKPH  |9 70165 
852 |a Slovenská národná knižnica 
958 |a OND 
958 |a RM 
999 |c 932755  |d 934685 
952 |a SNK  |b SNK  |y PREZ  |7 0  |p 17A0988009  |o snkSB 31245  |i snkKSP 625/81  |0 0  |1 0  |4 0  |d 2014-09-23  |f 1  |l 0  |r 2025-04-07 00:00:00  |w 2026-02-24